The Teaching Files Musculoskeletal (Record no. 4405)

MARC details
000 -LEADER
fixed length control field 00550nam a22002057a 4500
003 - CONTROL NUMBER IDENTIFIER
control field OSt
005 - DATE AND TIME OF LATEST TRANSACTION
control field 20160617151036.0
008 - FIXED-LENGTH DATA ELEMENTS--GENERAL INFORMATION
fixed length control field 160617b xxu||||| |||| 00| 0 eng d
020 ## - INTERNATIONAL STANDARD BOOK NUMBER
International Standard Book Number 9781416062615
040 ## - CATALOGING SOURCE
Transcribing agency DNLM
082 ## - DEWEY DECIMAL CLASSIFICATION NUMBER
Classification number WE100 Q23t 2010
100 ## - MAIN ENTRY--PERSONAL NAME
Personal name Ouellette, Hugue A.
9 (RLIN) 9476
245 ## - TITLE STATEMENT
Title The Teaching Files Musculoskeletal
260 ## - PUBLICATION, DISTRIBUTION, ETC. (IMPRINT)
Place of publication, distribution, etc. Philadelphia; Saunders, 2010
300 ## - PHYSICAL DESCRIPTION
Extent ix,818p; col.ill: 28.5cm
504 ## - BIBLIOGRAPHY, ETC. NOTE
Bibliography, etc Cases, & indice
650 ## - SUBJECT ADDED ENTRY--TOPICAL TERM
Topical term or geographic name as entry element Musculoskeletal system
9 (RLIN) 161
650 ## - SUBJECT ADDED ENTRY--TOPICAL TERM
Topical term or geographic name as entry element Orthopaedics
9 (RLIN) 923
942 ## - ADDED ENTRY ELEMENTS (KOHA)
Source of classification or shelving scheme Other/Generic Classification Scheme
Koha item type Open Shelf
Holdings
Withdrawn status Lost status Source of classification or shelving scheme Damaged status Not for loan Home library Current library Date acquired Source of acquisition Inventory number Total Checkouts Full call number Barcode Date last seen Koha item type
    Other/Generic Classification Scheme     MUST Main Library MUST Main Library 17/06/2016   12/35699   WE100 Q23t 2010 2016-2580 17/06/2016 Open Shelf